مكتبة جامعة عجلون الوطنية

فهرس بحث المكتبة

Normal view MARC view
  • تيتس،هارولد هـ ، ذياب،أديب نايف/ترجمة

Entry Personal Name

Number of records used in: 1

001 - CONTROL NUMBER

  • control field: 9574

003 - CONTROL NUMBER IDENTIFIER

  • control field: JO-AjAnu

005 - DATE AND TIME OF LATEST TRANSACTION

  • control field: 20230606071835.0

008 - FIXED-LENGTH DATA ELEMENTS

  • fixed length control field: 230606|| aca||aabn | a|a d

040 ## - CATALOGING SOURCE

  • Original cataloging agency: JO-AjAnu
  • Transcribing agency: JO-AjAnu

100 ## - HEADING--PERSONAL NAME

  • Personal name: تيتس،هارولد هـ ، ذياب،أديب نايف/ترجمة

670 ## - SOURCE DATA FOUND

  • Source citation: Work cat.: (JO-AjAnu)4938: تيتس،هارولد هـ ، ذياب،أديب نايف/ترجمة, author, مقدمة في نظرية المعرفة